000 00733nam a2200289Ia 4500
005 20260324120035.0
008 008 260324s9999 xx 000 0 eng d
020 _a9781315753621
037 _aEBOOK
040 _aCRL
040 _beng
040 _cCRL
041 _2eng
041 _aeng
084 _qCRL
100 _aJohann Roturier; Prof Kelly Washbourne; Sharon O'Brien
_91156998
245 0 _aLocalizing Apps
245 2 _bA practical guide for translators and translation students
260 _bTaylor and Francis
260 _c2015
365 _a
365 _b230
856 _uhttp://www.taylorfrancis.com/books/9781315753621
942 _cEBOOK
999 _c1748297
_d1748297